Sports Quiz

Random Sports or Football Quiz

NFL Pro Bowls by Position (2000s) Quiz Stats

 Plays Quiz Updated Aug 29, 2018

Challenge
Share
Tweet
Embed
Score 0/95 Timer 12:00
7 Plays Today
Position Player % Correct
QuarterbackPeyton Manning
99.2%
QuarterbackTom Brady
98%
QuarterbackBrett Favre
97.6%
QuarterbackDrew Brees
96.5%
QuarterbackDonovan McNabb
95.8%
Running Back/FullbackLaDainian Tomlinson
93.5%
QuarterbackTony Romo
92.9%
Wide ReceiverChad Ochocinco
92.2%
QuarterbackKurt Warner
91.6%
Wide ReceiverAndre Johnson
91.1%
Wide ReceiverMarvin Harrison
88.7%
Wide ReceiverSteve Smith
88.6%
Wide ReceiverRandy Moss
87.2%
Wide ReceiverReggie Wayne
86.8%
Wide ReceiverTerrell Owens
86.4%
Wide ReceiverLarry Fitzgerald
86.4%
Tight EndTony Gonzalez
86.1%
QuarterbackMichael Vick
85.3%
QuarterbackMatt Hasselbeck
85.1%
Wide ReceiverHines Ward
83.8%
Running Back/FullbackAdrian Peterson
83.1%
Tight EndAntonio Gates
82.6%
Running Back/FullbackTiki Barber
82.6%
LinebackerJulian Peterson
82.4%
QuarterbackDaunte Culpepper
82.4%
Defensive BackRonde Barber
82.3%
Wide ReceiverTorry Holt
82.1%
Tight EndJason Witten
81.7%
QuarterbackSteve McNair
81%
Running Back/FullbackShaun Alexander
80.9%
Running Back/FullbackMarshall Faulk
78.7%
Running Back/FullbackAhman Green
78.6%
Position Player % Correct
QuarterbackRich Gannon
77.3%
LinebackerRay Lewis
76.7%
Running Back/FullbackPriest Holmes
76.4%
Running Back/FullbackEdgerrin James
76.2%
Tight EndChad Lewis
76%
QuarterbackJeff Garcia
75.3%
LinebackerBrian Urlacher
68.5%
Running Back/FullbackCorey Dillon
67%
Tight EndJeremy Shockey
65.6%
Defensive LinemanJason Taylor
64.9%
Defensive BackRoy Williams
63.5%
Tight EndTodd Heap
63.5%
Defensive LinemanKevin Williams
63.5%
Defensive BackChamp Bailey
63.2%
Defensive BackEd Reed
61.2%
Wide ReceiverJoe Horn
58.9%
Tight EndChris Cooley
57.3%
Defensive LinemanDwight Freeney
56.1%
Defensive LinemanJulius Peppers
55.7%
LinebackerDerrick Brooks
55.2%
Tight EndAlge Crumpler
54.9%
Kicker/PunterDavid Akers
53.8%
Defensive BackCharles Woodson
53.7%
Defensive LinemanMichael Strahan
52.6%
LinebackerDeMarcus Ware
52.5%
Running Back/FullbackMike Alstott
52.1%
Offensive LinemanWalter Jones
50.9%
Defensive BackTroy Polamalu
50.4%
LinebackerZach Thomas
49.8%
LinebackerLance Briggs
47.3%
Defensive BackBrian Dawkins
46.8%
Defensive LinemanWarren Sapp
46.1%
Position Player % Correct
Defensive BackJohn Lynch
44.8%
Defensive BackDarren Sharper
40.9%
Offensive LinemanJonathan Ogden
40.5%
Kicker/PunterShane Lechler
39.2%
Tight EndBubba Franks
39.2%
Kicker/PunterAdam Vinatieri
37.3%
Offensive LinemanLarry Allen
37.3%
Offensive LinemanOrlando Pace
37.2%
Offensive LinemanSteve Hutchinson
37%
LinebackerJoey Porter
36.7%
Offensive LinemanAlan Faneca
36.4%
Defensive LinemanRichard Seymour
35.5%
LinebackerKeith Brooking
30.6%
Kicker/PunterNate Kaeding
30.5%
Offensive LinemanKevin Mawae
28.5%
Defensive BackTy Law
27.7%
Running Back/FullbackLorenzo Neal
27.4%
Defensive LinemanKris Jenkins
24.8%
Offensive LinemanOlin Kreutz
23.9%
Defensive LinemanCasey Hampton
23.3%
Kicker/PunterAndy Lee
22.6%
Running Back/FullbackTony Richardson
22.2%
Offensive LinemanChris Samuels
20.4%
LinebackerJeremiah Trotter
18.3%
LinebackerAl Wilson
16.3%
Kicker/PunterBrian Moorman
14.9%
Offensive LinemanMatt Birk
14.5%
Offensive LinemanWill Shields
13.2%
Defensive LinemanLa'Roi Glover
12.1%
Defensive BackTroy Vincent
11.6%
Kicker/PunterTodd Sauerbrun
6.8%

You're not logged in!

Compare scores with friends on all Sporcle quizzes.
OR
Log In

You Might Also Like...

Show Comments

Extras

Top Quizzes Today


Score Distribution

Your Account Isn't Verified!

In order to create a playlist on Sporcle, you need to verify the email address you used during registration. Go to your Sporcle Settings to finish the process.

Report this User

Report this user for behavior that violates our Community Guidelines.

Details: